000 01356nam a2200361 ia4500
003 OSt
005 20230108113401.0
008 221228t20222022si a br 000 0 eng d
020 _a9789811242731 (Set)
020 _a9789811244742
_qpaperback
_cRM 12.21
040 _aPPAK
_beng
_cPPAK
_erda
082 0 4 _a428.6
_223
090 0 0 _a428.6
_bTHO
_dK
100 1 _aThor, Zin Htut Aung,
_eauthor.
245 1 2 _aJourney to Happy Land :
_bA Myanmarese folktale /
_cRetold by Thor Zin Htut Aung ; illustrations by Edo Vader.
264 1 _aSingapore :
_bWS Education, an imprint of World Scientific Publishing Co. Pte. Ltd.,
_c2022
264 4 _c©2022
300 _a23 pages :
_bcolour illustrations ;
_c21 cm.
336 _atext
_2rdacontent
336 _astill image
_2rdacontent
337 _aunmediated
_2rdamedia
338 _avolume
_2rdacarrier
490 1 _aWorld of discovery ;
_vLevel B (Set 1)
500 _aAdapted from Our Folktales: The All-Time Favourite Folktales of Asia (World Scientific Publishing Co. Pte. Ltd., 2020)
521 _aFor children aged 4-7
650 1 0 _aReaders (Primary)
650 0 _aReaders
_vFiction
650 0 _aChildren's stories
650 0 _aFolklore
_zMyanmar
_vJuvenile literature
700 1 _aVader, Edo,
_eillustrator.
830 0 _aWorld of discovery ;
_vLevel B (Set 1)
942 _2ddc
_cB
999 _c190792
_d190792